| 000 | 00795nac a22002171u 4500 | ||
|---|---|---|---|
| 008 | 130114s1988 nyu||||| |||| 00| 0 eng d | ||
| 010 | _a 2003269451 | ||
| 020 | _a0465067107 | ||
| 020 | _a9780465067107 | ||
| 082 | 0 | 4 |
_a620.82 _bNOR _222 |
| 100 |
_aNorman, Donald A. _931861 |
||
| 245 | 1 | 4 |
_aThe design of everyday things / _cDonald A. Norman. |
| 250 | _a1st Basic paperback. | ||
| 260 |
_aNew York : _bBasic Books, _c1988. |
||
| 300 |
_axxi, 257 p. : _bill. ; _c21 cm. |
||
| 500 | _aReprint. Originally published: The psychology of everyday things. New York : Basic Books, c1988. | ||
| 500 | _a"With a new introduction by the author"-- cover. | ||
| 650 | 0 |
_aDesign, Industrial _xPsychological aspects. _931862 |
|
| 650 | 0 |
_aHuman engineering. _931863 |
|
| 942 |
_cBB _k620.82 NOR _2ddc |
||
| 999 |
_c152 _d152 |
||